| 000 | 00961nam a22002657a 4500 | ||
|---|---|---|---|
| 005 | 20170123162331.0 | ||
| 010 | _aA-318564 | ||
| 020 | _c60.00 | ||
| 035 | _aA-318564 | ||
| 037 | _bCen Lib/Ret | ||
| 040 |
_aDPL _bUR |
||
| 082 |
_a841 _bض ی ا |
||
| 100 |
_aزیا احمد بدایونی _9113604 |
||
| 245 |
_aسامان زار انتخاب شعار فارسی ایران ہند / _cزیا احمد بدایونی |
||
| 246 |
_aZiya Ahmad Balyauni / _bby Ziya Ahmad Badyuni |
||
| 250 | _a2nd ed. | ||
| 260 |
_bایجوکیشنل پبلشنگ ہاؤس _aدہلی _c1987 |
||
| 270 |
_bدہلی _a٣١٠٨، گلی عزیزددیں وکیل سٹریت کچہ پنڈت لال کون _e110002 |
||
| 300 |
_a459p. _c21cm(Hb) |
||
| 650 |
_aادب -- اردو _9121582 |
||
| 650 |
_aاردو نظم _9121583 |
||
| 650 |
_aUrdu literature _9121584 |
||
| 650 |
_aUrdu poetry _9121585 |
||
| 942 |
_2ddc _cUR _h841 _mض ی ا |
||
| 999 |
_c107799 _d107799 |
||